Linie 11 in Zürich - Statistiken

Allgemein
  • Dieses Quiz wurde 15 mal gespielt
  • Das Durchschnittsergebnis liegt bei 7 aus 13
Antworten auf der Karte
Die Antworten werden auf der Karte rot bzw. grün angezeigt, abhängig davon wie oft sie richtig erraten wurden.
 
Antwortstatistiken
Antwort % Korrekt
HB
100%
Bellevue
67%
Opernhaus
67%
Rennweg
67%
Bürkliplatz
56%
Kantonalbank
56%
Paradeplatz
56%
Tiefenbrunnen
44%
Feldeggstrasse
33%
Fröhlichstrasse
33%
Höschgasse
33%
Kreuzstrasse
33%
Wildbachstrasse
33%
Keine übereinstimmenden Quizze gefunden
Verteilung der Resultate
Anzahl Personen mit jedem Resultat
Perzentil nach korrekt beantworteten Fragen
Ihre Resultats-Entwicklung
Sie haben dieses Quiz noch nicht gespielt